000 00749nam a2200289Ia 4500
005 20260324134620.0
008 008 260324s9999 xx 000 0 eng d
020 _a9781410603975
037 _aEBOOK
040 _aCRL
040 _beng
040 _cCRL
041 _2eng
041 _aeng
084 _qCRL
100 _aBruce J. Avolio; Bernard M. Bass
_91197492
245 0 _aDeveloping Potential Across a Full Range of Leadership TM
245 0 _bCases on Transactional and Transformational Leadership
260 _bTaylor and Francis
260 _c2001
365 _a
365 _b230
856 _uhttp://www.taylorfrancis.com/books/9781410603975
942 _cEBOOK
999 _c1797766
_d1797766